• 首页
  • 本馆介绍
  • 公告通知
  • 最新文献
  • 馆藏检索
  • 电子资源
  • 读者导购
  • 参考咨询
  • 我的图书馆
  • 登录
  • 详细信息显示
  • 放入我的书架
  • 预约/预借图书
  • 作者相关作品
  • 分类相关作品
  • 丛书相关作品
  • 出版社相关作品

书目信息

  • 表格格式
  • 工作单格式
  • 卡片格式
题名:
为你自己读书
    
 
作者: 庄园 著
分册:  
出版信息: 北京   中国华侨出版社  2021
页数: 181页
开本: 21cm
丛书名:
单 册:
中图分类: G792-49
科图分类:
主题词: 读书方法--青少年读物
电子资源:
ISBN: 978-7-5113-8336-5
000 00789nam0 2200229 450
001 0100065406
005 20220804140956.0
010    @a978-7-5113-8336-5@dCNY39.80
100    @a20220429e20222021demy0chiy0120 ea
101 0  @achi
102    @aCN@b110000
105    @ay z 000yy
106    @ar
200 1  @a为你自己读书@9Wei Ni Zi Ji Dou;Du Shu @f庄园著@b专著
210    @a北京@c中国华侨出版社@d2021@h2022重印
215    @a181页@d21cm
330    @a本书主要内容分为“志存高远,读书让你对未来拥有更多掌控权”“上学不苦,那是一生最幸福的时光”“学而有术,清华学霸是这样炼成的”“转变心态,好心态才会有好成绩”等六部分。
606 0  @a读书方法@j青少年读物
690    @aG792-49@v5
701  0 @a庄园@4著@9zhuang yuan
801    @aCN@baizhi@c20221011
905    @aBZT@dG792-49@e4@f1@sG792-49/4
    
    为你自己读书/庄园著.-北京:中国华侨出版社,2021(2022重印)
    181页;21cm
    
    
    ISBN 978-7-5113-8336-5:CNY39.80
    本书主要内容分为“志存高远,读书让你对未来拥有更多掌控权”“上学不苦,那是一生最幸福的时光”“学而有术,清华学霸是这样炼成的”“转变心态,好心态才会有好成绩”等六部分。
●
相关链接 在五车中查询图书 在当当中查询图书 在豆瓣中查询图书


正题名:为你自己读书     索取号:G792-49/4         预约/预借

序号 登录号 条形码 馆藏地/架位号 状态 备注
1 2000028018   2000028018   旧书回溯/ [索取号:G792-49/4] 在馆    
山东省滨州职业学院图书馆 欢迎您!
大连网信软件有限公司© 版权所有